Z przeszłości slawistyki w Uniwersytecie Jagiellońskim ; wykład inaguracyjny ... dnia 5 października 1938 roku.

Bibliographic Details
Main Author: Lehr-Spławiński, Tadeusz, 1891-1965
Format: Book
Language:Polish
Published: Kraków Druk : Uniw. Jagiellonskiego, 1939.
Subjects:

MARC

Tag First Indicator Second Indicator Subfields
LEADER 00000cam a2200000K 4500
001 in00001548708
005 20151022064929.0
008 930402s1939 pl 000 0 pol d
035 |a (OCoLC)ocm27846479 
040 |a GZM  |c GZM  |d TXA  |d UtOrBLW 
049 |a TXAM 
090 |a D377  |b .L4 
100 1 |a Lehr-Spławiński, Tadeusz,  |d 1891-1965. 
245 1 0 |a Z przeszłości slawistyki w Uniwersytecie Jagiellońskim ;  |b wykład inaguracyjny ... dnia 5 października 1938 roku. 
264 1 |a Kraków Druk :  |b Uniw. Jagiellonskiego,  |c 1939. 
300 |a 21 pages ;  |c 26 cm. 
336 |a text  |b txt  |2 rdacontent 
337 |a unmediated  |b n  |2 rdamedia 
338 |a volume  |b nc  |2 rdacarrier 
650 0 |a Slavic studies  |z Poland. 
610 2 0 |a Uniwersytet Jagielloński. 
994 |a E0  |b TXA 
948 |a cataloged  |b h  |c 2000/8/18  |d c  |e tchubaryan  |f 12:46:31 pm 
999 |a MARS 
999 f f |s f70952e2-d241-377e-9e34-ece61b02cdeb  |i bf526426-a33d-39ef-a971-517206f0191b  |t 0 
952 f f |p ric  |a Texas A&M University  |b Rellis Campus  |c Joint Library Facility  |d Remote Storage  |t 0  |e D377 .L4  |h Library of Congress classification  |i unmediated -- volume  |m A14826692084 
998 f f |a D377 .L4  |t 0  |l Remote Storage